000
00331nam a2200157Ia 4500
003
0STCL
008
150530s9999 xx 000 0 und d
040
_a
STCL
_c
STCL
100
_a
Belloc, H
245
4
_a
The battle ground
260
_c
1936
546
_a
English
942
_2
ddc
_c
BK
999
_c
4687
_d
4687
005
20220125165359.0